Normal view
MARC view
Entry Genre/Form Term
001 - CONTROL NUMBER
- control field: 104767
003 - CONTROL NUMBER IDENTIFIER
- control field: BI-BuBU
005 - DATE AND TIME OF LATEST TRANSACTION
- control field: 20150109164445.0
008 - FIXED-LENGTH DATA ELEMENTS
- fixed length control field: 150109|||a|||||| | ||| d
040 ## - CATALOGING SOURCE
- Original cataloging agency: BI-BuBU
- Transcribing agency: BI-BuBU
155 ## - HEADING--GENRE/FORM TERM
- Genre/form term: Mémoire
- Chronological subdivision: 2012
670 ## - SOURCE DATA FOUND
- Source citation: Work cat.: (BI-BuBU)22155: aut Nahayo, Justin 104766, Analyse empirique de la soutenabilité du déficit budgétaire dans les pays de l'EAC[East African Community] de 1980 à 2009, 2012
670 ## - SOURCE DATA FOUND
- Source citation: Work cat.: (BI-BuBU)22155: aut Nahayo, Justin 104766, Analyse empirique de la soutenabilité du déficit budgétaire dans les pays de l'EAC[East African Community] de 1980 à 2009, 2012